000
00247nam a22000857a 4500
008
160713b xxu||||| |||| 00| 0 eng d
100
_9
2750
_a
Magoun, F.A
245
_a
Successfully Finding Yourself and your Job
260
_a
N.Y
_b
Harper & Brothers
_c
1959
999
_c
2387
_d
2387